Responses for Show #1405 - Friday, October 12, 1990

Game entered from audiorecording. Missing prizes.

Contestants

[<< previous game]

Gary Stein, a student originally from Oakland, California

Bob Tutelman, an engineer from San Diego, California

Carol Kirk, an attorney originally from New York (whose 1-day cash winnings total $7,401)

[next game >>]

Jeopardy! Round responses

THE OSCARS
THE 17TH CENTURY
BUSINESS & INDUSTRY
FLOWERS
FLAGS
"G" WHIZ
(Alex: All of the correct responses will begin with that letter of the alphabet.)
    $100 11
Tom & Jerry

Gary
    $100 26
a chicken

Gary
    $100 10
(Gary: What is Hudson's Bay Company?)
(Alex: Be more specific.)
(Gary: What is [*]?)
(Alex: Thank you!)

Hudson Bay

Gary
    $100 6
Holland (the Netherlands)

Gary
    $100 4
Denmark

Bob
    $100 1
guts

Carol
    $200 12
(Gary: What is Best Producer?)

Best Assistant Director

CarolGary
    $200 27
wearing wigs

Carol
    $200 16
du Pont

Carol
    $200 7
pansies

Bob
    $200 5
the colors (the color)

Gary
    $200 2
Gypsies

Carol
    $300 20
Claudette Colbert

Gary
    $300 28
30

Carol
    $300 17
3M

Gary
    $300 23
narcissus

Gary
    $300 8
the six-pointed star

Bob
    $300 3
girdle

Bob
    $400 21
Hayley Mills

Gary
    $1,500 29
(Alex: I'll need a response.)
(Carol: What is Toronto?)

Quebec City

Carol
    $400 18
TRW

Carol
    $400 24
the water lilies

Bob
    $400 9
a trident

Gary
    $400 13
Gracie Mansion

Carol
    $500 22
William Holden

Carol
    $500 30
Baroque

Gary
    $500 19
(Gary: What is a depletion tax?)
(Carol: What is [*]?)
(Alex: Depletion allowance, will we accept that? All right, she gave us a little more information than we were hoping for.)

the oil depletion allowance

CarolGary
    $500 25
(Gary: What is bella donna?)
...
(Alex: And we have a minute to go.)

digitalis

BobGary
    $500 15
communism (the Communist Party)

Bob
    $500 14
(Gary: What is a magnifico?)

a grandee

CarolGary

Scores at the first commercial break (after clue 15):

Carol Bob Gary
$1,400 $1,400 $200

Scores at the end of the Jeopardy! Round:

Carol Bob Gary
$2,000 $2,300 $1,100

Double Jeopardy! Round responses

STATE CAPITALS
SICKNESS & HEALTH
COLORFUL PHRASES
WARS
FOOD
SPEAK OF THE DICKENS
    $200 24
Atlanta

Carol
    $200 15
(Gary: What is the optic nerve?)

the eye

BobGary
    $200 11
the black

Carol
    $200 1
the American Civil War

Bob
    $200 6
a coconut

Gary
    $200 12
(Gary: Who is Little Dorrit?)

Oliver Twist

Gary
Triple Stumper
    $400 26
Helena

Bob
    $400 20
the bran

Carol
    $400 16
see red

Bob
    $400 2
India

Gary
    $400 7
pound cake

Gary
    $400 13
Hard Times

Triple Stumper
    $600 27
(Carol: What's Trenton?)

Denver

CarolBob
    $600 21
a mosquito

Gary
    $600 17
(Gary: What is a flowery speaker?)
...
(Alex: Remember that we are dealing here with COLORFUL PHRASES.)

a silver-tongued orator

BobGary
    $800 3
the Boer War

Gary
    $600 8
chicory

Gary
    $600 14
America

Gary
    $800 28
[The end-of-round signal sounds.]

Santa Fe

Gary
    $800 22
vitamin D

Bob
    $800 18
a green-eyed monster

Carol
    $800 4
the Crimean War

Bob
    $1,500 9
(Gary: What is sugar?)

vanilla

Gary
    $800 25
(Gary: What are shops?)

schools

Gary
Triple Stumper
    $1000 23
(Gary: What are stones?)
(Alex: Be more specific.)
(Gary: Uh, what are [*]?)
(Alex: Correct, you picked the right ones.)
...
(Alex: With a minute to go.)

gall stones

Gary
    $1000 19
a grey eminence (éminence grise)

Carol
    $1000 5
(Carol: Who is Queen Mary?)

Queen Anne

CarolBob
    $1000 10
manioc (or cassava)

Bob

Scores at the end of the Double Jeopardy! Round:

Carol Bob Gary
$3,000 $8,300 $3,200
(lock game)

[wagering suggestions for these scores]

Final Jeopardy! Round responses

ELECTIONS
CarolWhat is New York?
$0
GaryWhat is New York?
$3,200
BobWhat is New York?
$1,899
New York

Final scores:

Carol Bob Gary
$3,000 $10,199 $6,400
3rd place New champion: $10,199 2nd place

Game dynamics:

Coryat scores:

Carol Bob Gary
$4,500 $8,300 $4,500
16 R,
3 W
(including 1 DD)
17 R,
0 W
20 R
(including 1 DD),
9 W
(including 1 DD)

Combined Coryat: $17,300

[game clues] [game scores] [suggest correction]

Game tape date: 1990-08-21
The J! Archive is created by fans, for fans. Scraping, republication, monetization, and malicious use prohibited; this site may use cookies and collect identifying information. See terms. The Jeopardy! game show and all elements thereof, including but not limited to copyright and trademark thereto, are the property of Jeopardy Productions, Inc. and are protected under law. This website is not affiliated with, sponsored by, or operated by Jeopardy Productions, Inc. Join the discussion at JBoard.tv.